Pronóstico especial de las enfermedades internas / (Record no. 50865)

MARC details
000 -LEADER
campo de control de longitud fija 00581nam a2200169 i 4500
001 - NÚMERO DE CONTROL
campo de control 50865
003 - IDENTIFICADOR DE NÚMERO DE CONTROL
campo de control ES-MaACL
005 - FECHA Y HORA DE LA ÚLTIMA TRANSACCIÓN
campo de control 20230906162242.0
007 - CAMPO FIJO DE DESCRIPCIÓN FÍSICA--INFORMACIÓN GENERAL
campo de control de longitud fija t|
008 - DATOS DE LONGITUD FIJA--INFORMACIÓN GENERAL
campo de control de longitud fija 030807s1945 sp ||||1| spa d
100 1# - ENTRADA PRINCIPAL--NOMBRE DE PERSONA
Nombre de persona Curschmann, Hans.
9 (RLIN) 42235
245 10 - MENCIÓN DEL TÍTULO
Título Pronóstico especial de las enfermedades internas /
Mención de responsabilidad, etc. Juan Curschmann ; traducción del alemán por José González-Campo de Cos.
260 ## - PUBLICACIÓN, DISTRIBUCIÓN, ETC.
Lugar de publicación, distribución, etc. Barcelona :
Nombre del editor, distribuidor, etc. Manuel Marín,
Fecha de publicación, distribución, etc. 1945 (
Fabricante La Neotipia)
300 ## - DESCRIPCIÓN FÍSICA
Extensión XV, 335 p. ;
Dimensiones 23 cm.
700 1# - ENTRADA AGREGADA--NOMBRE PERSONAL
Nombre de persona González-Campo de Cos, José.
9 (RLIN) 58488
852 ## - LOCALIZACIÓN
Ubicación ES-MaACL
Número de control de estantería C-4108
Sublocalización o colección R.23777
Holdings
Estatus retirado Estado de pérdida Estado de daño No para préstamo Biblioteca de origen Biblioteca actual Ubicación en estantería Fecha de adquisición Fuente de adquisición Total de préstamos Signatura topográfica completa Código de barras Visto por última vez Precio de reemplazo Tipo de ítem Koha
        Biblioteca del Ateneo de Madrid Biblioteca del Ateneo de Madrid Sala Palomar 17/01/2008     C-4108 1053495 23/02/2023 23/02/2023 Libro impreso